Bienvenue à la Médiathèque de Saint-Andiol
banniere
Accueil Recherche avancée Mon compte
handi1 Rechercher dans le catalogue

Filtre   Mots-clés
  Recherche avancée
 
Lister les dernières nouveautés
 
Lister les livres GROS CARACTERES
 
Lister les périodiques (magazines)

handi1 J'apprends à lire [ 307 ]

Book Cover
Titre : J'apprends à lire [ 307 ]
Support : Livres
Langue : Francais
Publié : 2013 Milan Presse
Genre : Revues et magazines
Sujets :
Étiquettes :
Pas de tags
LEADER 00540nas0a2200181 450
001 16868214
011 |d 5,95 € 
100 |a 20260429d2013 u u0frey01 ba 
101 1 |a fre  |c fre 
102 |a FR 
110 0 |a afu 0uu0 
200 0 |a J'apprends à lire [ 307 ]  |f Georges Sanerot 
207 1 |a  307 
210 |c Milan Presse  |d 2013 
215 |a 1 vol. (44 p.)  |c ill.coul.  |d 22x18 cm  |e 1 cd 
900 |a Revues et magazines 
901 |a Jeunesse 
995 |a Médiathèque  |c Médiathèque  |f 089021842  |h 089021842  |k 070.17 JAP 307  |o p  |q j  |r az  |e Médiathèque